000 00786nam a22001817a 4500
999 _c217457
_d217457
008 201130b ||||| |||| 00| 0 eng d
040 _bger
_cDE-2950
_erda
_aDE-2950
041 _ager
245 _aDie Abiturienten des Karl-Liebknecht-Gymnasiums.
_bAbschluss: Auf dem Schulhof haben die Absolventinnen und Absolventen nach den Zeugnisausgaben ein wenig gefeiert. Statt eines Abiballs gab es ein Beisammensein mit den Familien im Freien.
653 _aFrankfurt (Oder)
653 _aKarl-Liebknecht-Gymnasium
653 _aAbitur
773 _dFrankfurt (Oder): Märkisches Verlags- und Druckhaus GmbH & Co KG
_g32. Jahrgang (2021) Nr. 145 vom 25.06.2021, S.16 : Foto
_tMärkische Oderzeitung
942 _cA